| 000 | 00632nam a22002177a 4500 | ||
|---|---|---|---|
| 999 |
_c20709 _d20709 |
||
| 003 | AR-CdUCM | ||
| 008 | 190604b ||||| |||| 00| 0 spa d | ||
| 020 | _a978-987-613-062-2 | ||
| 040 |
_aMUNICIPALIDAD PROVINCIAL DEL CUSCO _cBIBLIOTECA MUNICIPAL DEL CUSCO |
||
| 082 |
_a800 / _bY94 |
||
| 100 |
_aYune, Tommy _943254 |
||
| 245 |
_aRobotech : _bDesde las estrellas / |
||
| 260 |
_aBuenos Aires : _bComics conosur, _c2017. |
||
| 300 |
_bIlustraciones, _c19 cm. |
||
| 500 | _aVolumen 2 | ||
| 505 | _aContenido: Comic. | ||
| 650 |
_aRobotec _943255 |
||
| 650 |
_aEstrellas _920571 |
||
| 942 |
_2ddc _cLIBROS |
||
| 945 | _aJavier | ||